000 00466nam a2200169Ia 4500
005 20250508150711.0
008 008 250505s9999 xx 000 0 eng d
037 _aTextual
040 _aFEDL
_beng
_cFEDL
041 _aeng
_2eng
084 _a360, STU
_qFEDL
245 0 _aStudents and social work
260 _aBombay, India
_bTata Institute of Social Sciences
_c1948
300 _ax,66p.
942 _cTEXL
_h360, STU
999 _c1325135
_d1325135